000 00297nam a22001337a 4500
008 171030b xxu||||| |||| 00| 0 eng d
020 _a9780130278753
041 _aeng
080 _26 ED
_a336
100 _a56
101 _aFIN
245 _aFINANCIAL STATEMENTS
_cFRASER.L.M
942 _2udc
_cBK
999 _c36299
_d36299